000 00555nam a2200229Ia 4500
003 OSt
005 20220924153738.0
006 a|||||r|||| 00| 0
007 ta
008 220923b |||||||| |||| 00| 0 tam d
024 _a351465
037 _cTextual
040 _aARTS
_cARTS
_btam
041 _2tam
_atam
082 _aO31,3NRA11,1, L8
100 _aRasi Au.
_9229643
245 0 _aKamikai
260 _c1978
650 _aTAMIL FICTION
942 _hO31,3NRA11,1, L8
_cTEXL
_2CC
999 _c474647
_d474647